Noem de kantons van Zwitserland en vervolgens de hoofdsteden - Statistieken

Algemene statistieken
  • Deze quiz is 21 keer genomen
  • De gemiddelde score is 25 van 52
Antwoordstatistieken
Hint Antwoord % Correct
2 Bern
90%
2 Bern
90%
25 Genève
90%
25 Genève
90%
22 Lausanne
80%
1 Zürich
80%
1 Zürich
80%
12 Bazel
70%
26 Jura
70%
3 Luzern
70%
3 Luzern
70%
23 Wallis
70%
16 Appenzell
60%
5 Schwyz
60%
5 Schwyz
60%
19 Aargau
50%
13 Bazel-Land
50%
12 Bazel-Stad
50%
18 Chur
50%
10 Fribourg
50%
10 Fribourg
50%
18 Graubünden
50%
17 Sankt Gallen
50%
17 Sankt Gallen
50%
23 Sion
50%
11 Solothurn
50%
11 Solothurn
50%
4 Uri
50%
22 Vaud
50%
9 Zug
50%
9 Zug
50%
19 Aarau
40%
4 Altdorf
40%
21 Bellinzona
40%
14 Schaffhausen
40%
14 Schaffhausen
40%
20 Thurgau
40%
15 Appenzell Ausserrhoden
30%
16 Appenzell Innerrhoden
30%
26 Delémont
30%
8 Glarus
30%
8 Glarus
30%
24 Neuchâtel
30%
24 Neuchâtel
30%
21 Ticino
30%
20 Frauenfeld
20%
13 Liestal
20%
7 Nidwalden
20%
6 Obwalden
20%
6 Sarnen
20%
7 Stans
20%
15 Herisau
10%
Geen overeenkomende quizzen gevonden
Scoreverdeling
Procent van Mensen met Elke Score
Percentiel versus Aantal Correcte Antwoorden
Uw Scoregeschiedenis
U heeft deze quiz nog niet genomen